000 nam a22 a 4500
999 _c3896
_d3896
005 20170524121237.0
008 170524b2011 ii ||||| |||| 00| 0 eng d
020 _a98788190071925
040 _aAKMAL
082 0 4 _a894.35 ISS
090 _a894.35
_bISS
100 _aIssar, T.P
_97681
245 _aGhalib
_bEnglish Rendearings
260 _aNew Delhi
_bThe Variety Bok Depot
_c2011
300 _a281p
_c28cm
942 _2ddc
_cBOOK